000 00673nam a2200205Ia 4500
003 OSt
005 20251023144702.0
008 220923b |||||||| |||| 00| 0 eng d
020 _a1856495167
037 _cGeneral Book
040 _aRTL
_cRTL
_beng
041 _2eng
_aeng
084 _aY:3(NW).2.N, N8
_qRTL
245 0 _aSecret politics of our desires: innocence, culpability and lndian popular cinema.
_b
260 _aLondon
_bZed Boks Ltd.
_c1998
300 _a259 p.
_ccm.
_bIncludes bibliographical references and index.
700 _aNamdy, Ashis.
_eEditor
_9849335
942 _hY:3(NW).2.N, N8
_cGB
_2CC
_n0
999 _c586157
_d586157